000 00331nam a22001457a 4500
003 OSt
005 20160727222354.0
008 160622b xxu||||| |||| 00| 0 eng d
040 _cTest
100 _9471
_aDixon, P. W
245 _aThe Hardy Boys
260 _aN.V Grosset Dunlap
_c1968
300 _aThe Hardy Boys
942 _2ddc
_cBK
999 _c392
_d392